Harmful Tax Practices - 2017 Progress Report on Preferential Regimes Inclusive Framework on Beps: Action 5

Guardado en:
Detalles Bibliográficos
Formato: Libro
Lenguaje:inglés
Publicado: Paris OECD 2017
Colección:OECD/G20 Base Erosion and Profit Shifting Project
Materias:
Etiquetas: Agregar Etiqueta
Sin Etiquetas, Sea el primero en etiquetar este registro!

MARC

LEADER 00000nam a2200000 4500
001 0241176
005 20240314123010.7
020 |a 978-92-64-28393-0 
041 0 |a eng 
044 |a FR 
245 1 0 |a Harmful Tax Practices - 2017 Progress Report on Preferential Regimes  |b Inclusive Framework on Beps: Action 5 
264 1 |a Paris  |b OECD  |c 2017 
300 |a 44 s. 
490 1 |a OECD/G20 Base Erosion and Profit Shifting Project 
830 0 |a OECD/G20 Base Erosion and Profit Shifting Project 
610 2 0 |a dane 
610 2 0 |a politika daňová 
610 2 0 |a zdaňovanie 
610 2 0 |a zdaňovanie medzinárodné 
610 2 0 |a spolupráca hospodárska medzinárodná